00505nam a2200181Ia 4500003000400000005001700004008004100021040000700062041000800069082001600077100004100093245008000134260005000214300001200264365001100276650001800287650001800305OSt20240813142345.0210719s2007 xx 000 0 und d cAL akan aK894.4 VYAJ aVYASA (M): ವ್ಯಾಸ (ಎಂ)  aJanapatha Ankana barahagalu:bಜನಪಥ ಅಂಕಣ ಬರಹಗಳು  aUdupibSvagata Samiti,Sahitya Sammelanac2007 a130bPB b60cRs aKannada Prose aKannada Prose